[Event "FRA-chT U20 Top"]
[Site "Bischwiller"]
[Date "2016.05.16"]
[Round "4"]
[White "Navrotescu, Vlad Andrei"]
[Black "Bernard, Anthony"]
[Result "1/2-1/2"]
[WhiteElo "1695"]
[BlackElo "1935"]
[PlyCount "39"]
[EventDate "2016.05.14"]
[EventType "tourn"]
[EventRounds "11"]
[EventCountry "FRA"]
[SourceTitle "EXT 2019"]
[Source "ChessBase"]
[SourceDate "2018.10.10"]
[SourceVersion "1"]
[SourceVersionDate "2018.10.10"]
[SourceQuality "1"]

1. d4 Nf6 2. Nf3 e6 3. c4 Bb4+ 4. Bd2 Qe7 5. g3 b6 6. Bg2 Bb7 7. 0-0 Bxd2 8. Nbxd2 0-0 9. Re1 d6 10. e4 e5 11. d5 Nbd7 12. b4 a5 13. a3 axb4 14. axb4 Rxa1 15. Qxa1 Ra8 16. Qb2 Qe8 17. Ra1 Rxa1+ 18. Qxa1 Qa8 19. Qxa8+ Bxa8 20. Kf1 1/2-1/2

[Event "Saint Affrique op 22nd"]
[Site "Saint Affrique"]
[Date "2014.07.25"]
[Round "8"]
[White "Bernard, Anthony"]
[Black "Fabre, Jean Michel"]
[Result "1-0"]
[WhiteElo "1636"]
[BlackElo "1337"]
[PlyCount "71"]
[EventDate "2014.07.19"]
[EventType "swiss"]
[EventRounds "9"]
[EventCountry "FRA"]
[SourceTitle "CBM 161 Extra"]
[Source "ChessBase"]
[SourceDate "2014.08.29"]
[SourceVersion "1"]
[SourceVersionDate "2014.08.29"]
[SourceQuality "1"]

1. e4 e5 2. Nf3 Nc6 3. Bc4 b6 4. 0-0 Nf6 5. d3 Bc5 6. a3 0-0 7. Nc3 d6 8. h3 a6 9. Be3 Nd4 10. Nd5 c6 11. Nxf6+ Qxf6 12. Nh2 Be6 13. c3 Bxc4 14. Ng4 Qe6 15. cxd4 exd4 16. Bf4 Bb3 17. Qf3 d5 18. e5 Be7 19. a4 h5 20. Nh2 Qf5 21. Rfc1 Bg5 22. Bxg5 Qxg5 23. Qe2 Rfe8 24. Nf3 Qf5 25. Ra3 f6 26. Nxd4 Qf4 27. Nxb3 Rxe5 28. Qd2 Qf5 29. Nd4 Qd7 30. Nf3 Re6 31. Re1 Rd6 32. d4 Re8 33. Rae3 c5 34. dxc5 Rc6 35. Re7 Qf5 36. Nd4 1-0

[Event "Saint Affrique op 22nd"]
[Site "Saint Affrique"]
[Date "2014.07.23"]
[Round "6"]
[White "Bernard, Anthony"]
[Black "Guerin, Tristan"]
[Result "1-0"]
[WhiteElo "1636"]
[BlackElo "1417"]
[PlyCount "143"]
[EventDate "2014.07.19"]
[EventType "swiss"]
[EventRounds "9"]
[EventCountry "FRA"]
[SourceTitle "CBM 161 Extra"]
[Source "ChessBase"]
[SourceDate "2014.08.29"]
[SourceVersion "1"]
[SourceVersionDate "2014.08.29"]
[SourceQuality "1"]

1. e4 c5 2. Nc3 d6 3. f4 g6 4. Nf3 Bg7 5. Bc4 Nc6 6. d3 e6 7. 0-0 Nge7 8. Qe1 0-0 9. Qh4 d5 10. Bb3 b6 11. f5 exf5 12. exd5 Nd4 13. Bg5 f6 14. d6+ Nxb3 15. dxe7 Qxe7 16. axb3 fxg5 17. Nxg5 h6 18. Nf3 Qxh4 19. Nxh4 g5 20. Ng6 Rf7 21. Rae1 Kh7 22. Ne5 Re7 23. Nf3 Rxe1 24. Rxe1 Rb8 25. Re8 Ra8 26. Re7 Kg8 27. Nb5 a6 28. Nc7 Rb8 29. Nd5 Kf8 30. Ne5 Rb7 31. Rxb7 Bxb7 32. Nd7+ Ke8 33. N5xb6 Bxb2 34. Kf1 Bd4 35. c3 Bxc3 36. Nxc5 Bd4 37. Nxb7 Bxb6 38. Nd6+ Kf8 39. Nxf5 h5 40. Ng3 h4 41. Ne4 Bd8 42. Nc5 a5 43. Ne6+ Ke8 44. Nxd8 Kxd8 45. Ke2 Kd7 46. Ke3 Kc6 47. Kd4 Kb5 48. Kc3 Kc5 49. d4+ Kd5 50. Kd3 g4 51. Ke3 h3 52. g3 Kd6 53. Ke4 Ke6 54. d5+ Kd6 55. Kd4 Kd7 56. Kc5 Kc7 57. d6+ Kd7 58. Kd5 Kd8 59. Kc6 Kc8 60. d7+ Kd8 61. Kb5 Kxd7 62. Kxa5 Ke6 63. b4 Kd5 64. b5 Ke4 65. b6 Kf3 66. b7 Kg2 67. b8Q Kxh2 68. Qf4 Kg2 69. Qxg4 h2 70. Qh4 h1Q 71. Qxh1+ Kxh1 72. g4 1-0

[Event "Saint Affrique op 22nd"]
[Site "Saint Affrique"]
[Date "2014.07.21"]
[Round "4"]
[White "Bernard, Anthony"]
[Black "Achard Rozan, Celian"]
[Result "1-0"]
[WhiteElo "1636"]
[BlackElo "1330"]
[PlyCount "73"]
[EventDate "2014.07.19"]
[EventType "swiss"]
[EventRounds "9"]
[EventCountry "FRA"]
[SourceTitle "CBM 161 Extra"]
[Source "ChessBase"]
[SourceDate "2014.08.29"]
[SourceVersion "1"]
[SourceVersionDate "2014.08.29"]
[SourceQuality "1"]

1. e4 e5 2. Nf3 Nc6 3. Bc4 Bc5 4. 0-0 d6 5. h3 Nf6 6. d3 h6 7. Be3 Bb6 8. Qd2 0-0 9. Nc3 Be6 10. Bb3 Qd7 11. Ne2 Rfe8 12. Ng3 Ne7 13. Nh4 c6 14. Bxh6 g6 15. Nf3 Nh7 16. Ng5 Bxb3 17. axb3 f6 18. Nxh7 Kxh7 19. Be3 d5 20. Bxb6 axb6 21. f4 Rxa1 22. Rxa1 dxe4 23. Nxe4 Rf8 24. Kh1 Qf5 25. fxe5 fxe5 26. Qg5 Qxg5 27. Nxg5+ Kh6 28. Ne4 Nf5 29. Rf1 Kg7 30. c3 c5 31. Ra1 Ne3 32. Ra7 Rf1+ 33. Kh2 Re1 34. Rxb7+ Kh6 35. g4 Re2+ 36. Kg3 Rxb2 37. g5+ 1-0